000 00412nam a2200157Ia 4500
008 210716s2009 xx 000 0 und d
020 _a9788131508848
041 _aeng
082 _a658.56 STAM
100 _aStarr, Matrin K.
245 _aProduction and operations management.
250 _a1
260 _aNew Delhi
_bBiztantra
_c2009
300 _a662/2007
650 _aProduction & Operations Management
999 _c204810
_d204810